000 00514nam a2200217Ia 4500
003 OSt
005 20221005121702.0
006 a|||||r|||| 00| 0
007 ta
008 221004b |||||||| |||| 00| 0 eng d
024 _a30562
037 _cTextual
040 _aCRL
_cCRL
_beng
041 _2eng
_aeng
082 _aM5, K5
245 0 _aHow to make wood furnishings for your home
260 _c1965
650 _aINDUSTRIAL ARTS
942 _hM5, K5
_cTEXL
_2cc
999 _c1041940
_d1041940